[Event "Vaujany op-B 7th"]
[Site "Vaujany"]
[Date "2016.02.12"]
[Round "7"]
[White "Pierron, Baptiste"]
[Black "Terwagne, Bertrand"]
[Result "1-0"]
[WhiteElo "1677"]
[BlackElo "1780"]
[PlyCount "47"]
[EventDate "2016.07.16"]
[EventType "swiss"]
[EventRounds "9"]
[EventCountry "FRA"]
[SourceTitle "EXT 2017"]
[Source "ChessBase"]
[SourceDate "2016.10.25"]
[SourceVersion "1"]
[SourceVersionDate "2016.10.25"]
[SourceQuality "1"]

1. e4 e5 2. Nf3 Nc6 3. Bc4 Bc5 4. b4 Bxb4 5. c3 Ba5 6. d4 exd4 7. 0-0 Nge7 8. cxd4 d5 9. exd5 Nxd5 10. Qb3 Nce7 11. Ba3 c6 12. Bxe7 Kxe7 13. Nbd2 b5 14. Bxd5 Qxd5 15. Qa3+ b4 16. Rfe1+ Be6 17. Qa4 b3 18. Re5 Qd8 19. Rxa5 bxa2 20. Ne5 Bd5 21. Rxa7+ Rxa7 22. Qxa7+ Kf6 23. Ndf3 Qb8 24. Nd7+ 1-0

[Event "St Chely d'Aubrac op 11th"]
[Site "St Chely d'Aubrac"]
[Date "2011.07.11"]
[Round "3"]
[White "Kirchhoff, Matthieu"]
[Black "Pierron, Baptiste"]
[Result "1-0"]
[WhiteElo "1598"]
[BlackElo "1430"]
[PlyCount "63"]
[EventDate "2011.07.09"]
[EventType "swiss"]
[EventRounds "7"]
[EventCountry "FRA"]
[SourceTitle "CBM 143 Extra"]
[Source "ChessBase"]
[SourceDate "2011.08.29"]
[SourceVersion "1"]
[SourceVersionDate "2011.08.29"]
[SourceQuality "1"]

1. d4 c6 2. Bf4 d5 3. Nf3 Bf5 4. e3 e6 5. Bd3 Bxd3 6. Qxd3 Nf6 7. Ne5 Nbd7 8. Nd2 Bd6 9. Nxf7 Kxf7 10. Bxd6 Re8 11. Nf3 Kg8 12. Ne5 Ne4 13. Ba3 Nxe5 14. dxe5 Qh4 15. g3 Qh5 16. Qb3 b6 17. c4 Qf3 18. Rf1 Rad8 19. Rd1 dxc4 20. Rxd8 cxb3 21. Rxe8+ Kf7 22. Rf8+ Kg6 23. Rxf3 bxa2 24. Ke2 c5 25. Ra1 b5 26. Kd3 b4 27. Bxb4 cxb4 28. Kxe4 b3 29. Kd3 Kg5 30. Rf4 a5 31. Kc3 a4 32. Rxa4 1-0

[Event "St Chely d'Aubrac op 10th"]
[Site "St Chely d'Aubrac"]
[Date "2010.07.16"]
[Round "8"]
[White "Grange, Julien"]
[Black "Pierron, Baptiste"]
[Result "1-0"]
[WhiteElo "1280"]
[BlackElo "1400"]
[PlyCount "83"]
[EventDate "2010.07.10"]
[EventType "swiss"]
[EventRounds "9"]
[EventCountry "FRA"]
[SourceTitle "CBM 137 Extra"]
[Source "ChessBase"]
[SourceDate "2010.09.01"]
[SourceVersion "1"]
[SourceVersionDate "2010.09.01"]
[SourceQuality "1"]

1. e4 e6 2. d4 d5 3. exd5 exd5 4. Nc3 c5 5. Nf3 cxd4 6. Qxd4 Nf6 7. Bg5 Be7 8. Qe5 Nbd7 9. Bb5 0-0 10. Bxd7 Bxd7 11. Nxd5 Re8 12. 0-0 Nxd5 13. Qxd5 Bxg5 14. Nxg5 Be6 15. Qxd8 Raxd8 16. Nxe6 Rxe6 17. Rfe1 Rde8 18. Rxe6 Rxe6 19. Rd1 f6 20. g3 b6 21. Rd8+ Kf7 22. Rd7+ Kg6 23. Rxa7 Re1+ 24. Kg2 Re2 25. Rb7 Rxc2 26. Rxb6 Rd2 27. a4 Rd1 28. b4 Kf7 29. a5 Ra1 30. a6 Ke8 31. b5 Kd8 32. Rb8+ Kc7 33. Rb7+ Kc8 34. Rxg7 Kb8 35. Rxh7 f5 36. h4 Ra5 37. Rb7+ Ka8 38. h5 f4 39. h6 Rxa6 40. Rb8+ Kxb8 41. bxa6 fxg3 42. fxg3 1-0

[Event "St Chely d'Aubrac op 10th"]
[Site "St Chely d'Aubrac"]
[Date "2010.07.15"]
[Round "7"]
[White "Pierron, Baptiste"]
[Black "Moulie, Patrick"]
[Result "0-1"]
[WhiteElo "1400"]
[BlackElo "1639"]
[PlyCount "102"]
[EventDate "2010.07.10"]
[EventType "swiss"]
[EventRounds "9"]
[EventCountry "FRA"]
[SourceTitle "CBM 137 Extra"]
[Source "ChessBase"]
[SourceDate "2010.09.01"]
[SourceVersion "1"]
[SourceVersionDate "2010.09.01"]
[SourceQuality "1"]

1. e4 e6 2. Nf3 c5 3. d3 b5 4. a3 Bb7 5. Bd2 Nc6 6. Be3 Nf6 7. d4 cxd4 8. Nxd4 Nxd4 9. Bxd4 a6 10. Nc3 Nxe4 11. Nxe4 Bxe4 12. Bd3 Bxg2 13. Rg1 Qh4 14. Bxb5 axb5 15. Rxg2 f6 16. Qf3 Rc8 17. 0-0-0 h5 18. Qb7 Qf4+ 19. Be3 Qc7 20. Qe4 f5 21. Qd3 b4 22. Bb6 Qc6 23. f3 bxa3 24. bxa3 Bxa3+ 25. Kd2 Bf8 26. Ke2 Qxc2+ 27. Qxc2 Rxc2+ 28. Kf1 Rxg2 29. Kxg2 g5 30. h3 d5 31. Bd4 Rg8 32. Ra1 g4 33. fxg4 hxg4 34. hxg4 Rxg4+ 35. Kf3 Rxd4 36. Ra8+ Kf7 37. Ra7+ Be7 38. Ke3 Rc4 39. Rb7 Kf6 40. Rb6 Bc5+ 41. Kd3 Bxb6 42. Kd2 d4 43. Kd3 Rc3+ 44. Kd2 e5 45. Ke2 e4 46. Kd2 f4 47. Ke2 Rc2+ 48. Kd1 d3 49. Ke1 e3 50. Kd1 f3 51. Ke1 Rc1# 0-1

[Event "St Chely d'Aubrac op 10th"]
[Site "St Chely d'Aubrac"]
[Date "2010.07.10"]
[Round "1"]
[White "Lavanchy, Marc Henri"]
[Black "Pierron, Baptiste"]
[Result "1-0"]
[WhiteElo "1912"]
[BlackElo "1400"]
[PlyCount "79"]
[EventDate "2010.07.10"]
[EventType "swiss"]
[EventRounds "9"]
[EventCountry "FRA"]
[SourceTitle "CBM 137 Extra"]
[Source "ChessBase"]
[SourceDate "2010.09.01"]
[SourceVersion "1"]
[SourceVersionDate "2010.09.01"]
[SourceQuality "1"]

1. c4 e5 2. Nc3 Bc5 3. Nf3 d6 4. g3 Nf6 5. Bg2 Be6 6. 0-0 Qd7 7. d3 Bh3 8. a3 Nc6 9. e3 h5 10. d4 e4 11. Nxe4 Nxe4 12. dxc5 Nxc5 13. b4 Ne4 14. Bb2 Rg8 15. Nd4 Nf6 16. Re1 0-0-0 17. Nxc6 bxc6 18. Qf3 Bxg2 19. Kxg2 Ng4 20. Rad1 d5 21. h3 Nf6 22. Bxf6 gxf6 23. Qxf6 Rg6 24. Qf3 h4 25. g4 f5 26. Rd4 Rdg8 27. cxd5 fxg4 28. hxg4 Rxg4+ 29. Rxg4 Rxg4+ 30. Kh1 cxd5 31. Rd1 Rg5 32. Rg1 Rf5 33. Qg2 Rh5 34. Qg4 Rf5 35. Qxh4 Rxf2 36. Rg8+ Kb7 37. Qh8 Qc6 38. Rb8+ Ka6 39. Qc8+ Qb7 40. Qxb7# 1-0